000 00625nam a2200229Ia 4500
005 20260704175958.0
008 260704s9999||||xx |||||||||||||| ||und||
020 _a9781846041006
_qpbk
082 _a203.3
_bCHO
100 _aChopra, Deepak
245 0 _aLife after death : the book of answers
260 _aLondon
_bRider/Penguin Random House
_c2006
300 _a282p. ; 20cm.
653 _aDeath — Religious aspects
653 _aFuture life
653 _aHindu philosophy
653 _aImmortality
653 _aLife after death
653 _aLife after death
653 _aSpiritual life
942 _cBK
999 _c57399
_d57399